World airports serving the most destinations - Statistics

General Stats
  • This quiz has been taken 49 times
  • The average score is 11 of 15
Answer Stats
Destinations served City % Correct
227 London (LHR)
96%
279 Dubai (DXB)
91%
291 Paris (CDG)
89%
324 Istanbul (IST)
87%
241 Madrid (MAD)
84%
276 Amsterdam (AMS)
78%
249 Rome (FCO)
78%
309 Frankfurt (FRA)
73%
219 Beijing (PEK)
71%
259 Beijing (PVG)
71%
246 Atlanta (ATL)
64%
227 Barcelona (BCN)
64%
234 Munich (MUC)
62%
282 Chicago (ORD)
49%
265 Dallas/Ft. Worth (DFW)
29%
No matching quizzes found
Score Distribution
Percent of People with Each Score
Percentile by Number Answered
Your Score History
You have not taken this quiz